US Presidents - Post Presidency - Statistics

General Stats
  • This quiz has been taken 118 times
    22 since last reset
  • The average score is 21 of 36
Answer Stats
Hint Answer % Correct
Ran for president on the Republican ticket and won. Was the second president to serve non-consecutive terms. Donald Trump
81%
Retired to his Mount Vernon estate. George Washington
81%
Won a Nobel Peace Prize. Founded his eponymous Center to advance human rights and alleviate human suffering. Taught at Emory University, wrote numerous books and worked for the expansion of Habitat for Humanity, and taught Sunday School at his church. Served as a diplomat and international mediator observer. Jimmy Carter
81%
Ran for president on the Democratic ticket and won. Was the first president to serve non-consecutive terms. Grover Cleveland
76%
Created his eponymous foundation, which runs the My Brother's Keeper Alliance, which he had founded when he was president. Hosted a podcast with Bruce Springsteen Barack Obama
71%
Is active in public life, giving speeches, fundraising, and founding charitable organizations. Campaigned for his wife's presidential bid. Bill Clinton
71%
Retired to Houston and spent the summers at his Kennybunk Port, Maine house. Became friends with his successor. Served as Honorary Chairman of the non-profit Points of Light. George H. W. Bush
71%
Published the book "Fishing For Fun—And To Wash Your Soul." Following WWII toured West Germany producing multiple reports about the US Occupation, which led to a school meal plan for children. Served as chairman of the Eponymous Committee under the presidencies of Truman and Eisenhower to reorganize the executive departments. Herbert Hoover
71%
Retired to his Peacefield Home. Died on the same day as his successor. John Adams
71%
Ran for president. When he lost the Republican nomination he left the convention running on the Progressive (Bull Moose) Party ticket. Theodore Roosevelt
71%
Served as Chief Justice of the Supreme Court William H. Taft
71%
Retired to his farm in Gettysburg, Pennsylvania where he raised Angus beef cattle. Warned of the military industrial complex in his farewell address. Dwight D. Eisenhower
67%
Took up painting, authored two books, a memoir titled "Decision Points" and a biography of his father titled "41." Has kept a low profile in retirement. George W. Bush
67%
Retired to his Sherwood Forest estate. Later served as a delegate to the Provisional Confederate Congress. Elected to the Confederate House of Representatives but died before serving. John Tyler
67%
Retired to his ranch in Stonewall, Texas. Donated his ranch to become a national park. Lyndon Baines Johnson
67%
Spoke in favor of a line-item veto; the Brady Bill; a constitutional amendment requiring a balanced budget; and the repeal of the 22nd Amendment. Suffered from Alzheimer's disease for many years. Ronald Reagan
67%
Founded the University of Virginia. Thomas Jefferson
67%
Retired to his mother-in-law's home in Independence, MO where he struggled with financial hardships. Published his memoirs and also lobbied for the presidential papers legislation. Harry S Truman
62%
Retired to his home in Lancaster, Pennsylvania. Defended his administration during the Civil War. Published the memoir Mr. (Name)'s Administration on the Eve of Rebellion. James Buchanan
62%
Was interviewed by David Frost and wrote 10 books. Was disbarred by New York state. Traveled extensively visiting many world leaders and was recognized as an elder statesman. Richard M. Nixon
62%
Became good friends with his successor. Considered a run for the Republican nomination 4 years after he lost the presidency, but never officially entered the race. Served on several corporate boards including Commercial Credit, Nova Pharmaceutical and The Pullman Company. Gerald R. Ford
57%
Served in the House of Representatives for 17 years and became a major leader against slavery. Ran for Governor of Massachusetts. John Quincy Adams
57%
Retired to his Hermitage estate in Tennessee. Andrew Jackson
52%
Retired to his Montepelier estate and served as the 2nd rector of the University of Virginia. James Madison
52%
Lost election as a US Representative. Later served in the US Senate until his death. Andrew Johnson
48%
Went on several grand tours of Europe. Was a vocal opponent of Lincoln during the Civil War. Speculated in land deals and farmed in New Hampshire. Franklin Pierce
48%
Retired to his home in Nashville. Had the shortest post-presidency at 103 days. James K. Polk
48%
Ran for and lost the Democratic nomination. Ran for president on the Free Soil Party ticket. Martin Van Buren
48%
Retired to house in the Embassy Row neighborhood of Washington, D.C. Ultimately died of a final stroke at home. Woodrow Wilson
48%
Served as chairman of the Railroad Commission, as a director of New York Life Insurance Company, and as a trustee of Amherst College. Published his autobiography and a newspaper column. Calvin Coolidge
43%
Retired to his Oak Hill estate and served as a member of the Board of Visitors of the University of Virginia. James Monroe
43%
Retired to his Spiegel Grove home. Served on the Board of Trustees of the University of Ohio. Rutherford B. Hayes
43%
Went on a 2 year world tour. Ran for a 3rd term, losing the Republican nomination. Joined his son's Wall Street brokerage resulting in financial ruin. Published his memoirs titled "Personal Memoirs of Name". Ulysses S. Grant
43%
Lectured briefly at Stanford University. Remarried his deceased wife's niece who was 25 years his junior. Served as attorney for Venezuela over their border dispute with the UK (British Guiana) in the international trial. Benjamin Harrison
38%
Ran for president on the American Party ticket. Helped found the Buffalo Historical Society. Millard Fillmore
38%
Moved back to New York City where he returned to work as a lawyer at his former law firm of Name, Knevals & Ransom. Chester A. Arthur
33%
No matching quizzes found
Score Distribution
Percent of People with Each Score
Percentile by Number Answered
Your Score History
You have not taken this quiz since the last reset